000 00256nmm a2200085Ia 4500
008 220120s9999||||xx |||||||||||||||||und||
100 _aDigit
245 0 _aDecember 2010 : Developers video tutorials, 3rd srike street
260 _aNine dot nine interactive ltd.
999 _c139618
_d139618